Programové zabezpečenie ASR Assembler JSEP

Saved in:
Bibliographic Details
Main Author: Hečko, Ivan
Corporate Author: Vysoká škola ekonomická v Bratislave. Fakulta riadenia
Other Authors: Kristová, Gabriela
Format: Book
Language:Slovak
Published: Bratislava Vysoká škola ekonomická 1983
Tags: Add Tag
No Tags, Be the first to tag this record!

MARC

LEADER 00000nam a2200000 4500
001 c131007
005 20250604094805.6
041 0 |a slo 
044 |a SK 
245 1 0 |a Programové zabezpečenie ASR  |b Assembler JSEP  |c Ivan Hečko, Gabriela Kristová 
264 1 |a Bratislava  |b Vysoká škola ekonomická  |c 1983 
300 |a 122 s. 
100 1 |a Hečko, Ivan 
700 1 |a Kristová, Gabriela 
710 2 |a Vysoká škola ekonomická v Bratislave. Fakulta riadenia